Science Quiz

Random Science or Computer Quiz
Score 0/10 Timer 02:00
2 Plays Today
% Correct
restart
90.9%
problem
86.2%
then
79.5%
PC
69.1%
know
60.7%
complete
55.3%
collecting
41.9%
error
29.8%
online
25.8%
FAILED
8.8%
Remove Ads.
Support Sporcle.
Get the best of Sporcle when you Go Orange. This ad-free experience offers more features, more stats, and more fun while also helping to support Sporcle. Thank you for becoming a member.

You're not logged in!

Compare scores with friends on all Sporcle quizzes.
OR
Log In

Show Comments

Extras

Top Quizzes Today


Score Distribution

Your Account Isn't Verified!

In order to create a playlist on Sporcle, you need to verify the email address you used during registration. Go to your Sporcle Settings to finish the process.

Report this User

Report this user for behavior that violates our Community Guidelines.

Details: